[Event "FRA-ch U20"]
[Site "Agen"]
[Date "2024.04.21"]
[Round "9"]
[White "Mathez, Florian"]
[Black "Eveno, Nathan"]
[Result "1/2-1/2"]
[WhiteElo "2183"]
[BlackElo "2192"]
[PlyCount "85"]
[EventDate "2024.04.14"]
[EventType "swiss"]
[EventRounds "9"]
[EventCountry "FRA"]
[SourceTitle "CB17_2024"]
[SourceDate "2024.04.24"]
[SourceVersion "1"]
[SourceVersionDate "2024.04.24"]
[SourceQuality "1"]

1. e4 c5 2. Nf3 d6 3. Bb5+ Bd7 4. Bxd7+ Nxd7 5. 0-0 Ngf6 6. Qe2 e6 7. c4 Be7 8. d4 cxd4 9. Nxd4 0-0 10. Nc3 a6 11. b3 Rc8 12. Bb2 Qa5 13. Rac1 Qh5 14. Rfd1 Qxe2 15. Ndxe2 Rfd8 16. f3 h5 17. Ba3 Nc5 18. Rc2 Kf8 19. Rcd2 Ke8 20. Kf1 b6 21. Nf4 g6 22. Nd3 Nfd7 23. Nxc5 bxc5 24. Ne2 Ne5 25. Bb2 Nc6 26. Kf2 a5 27. Nc3 Nd4 28. Rd3 Rb8 29. Bc1 f5 30. Be3 Bf6 31. Kf1 Ke7 32. Bxd4 Bxd4 33. Nb5 Be5 34. g3 fxe4 35. fxe4 Rf8+ 36. Kg2 Rbd8 37. Na7 Kd7 38. Nb5 Kc6 39. Na7+ Kb6 40. Nb5 Rd7 41. Nxd6 Rfd8 42. Nc8+ Kc7 43. R3d2 1/2-1/2

[Event "FRA-ch U20"]
[Site "Agen"]
[Date "2024.04.15"]
[Round "3"]
[White "Eveno, Nathan"]
[Black "Bacrot, Alexandre"]
[Result "0-1"]
[WhiteElo "2192"]
[BlackElo "2392"]
[PlyCount "140"]
[EventDate "2024.04.14"]
[EventType "swiss"]
[EventRounds "9"]
[EventCountry "FRA"]
[SourceTitle "CB17_2024"]
[SourceDate "2024.04.24"]
[SourceVersion "1"]
[SourceVersionDate "2024.04.24"]
[SourceQuality "1"]

1. e4 d6 2. d4 Nf6 3. Nc3 g6 4. Be3 c6 5. Qd2 Bg7 6. Bh6 Bxh6 7. Qxh6 e5 8. 0-0-0 Qe7 9. f3 b5 10. Nh3 Bxh3 11. Qxh3 Nbd7 12. Qh6 0-0-0 13. Qe3 Nb6 14. a4 bxa4 15. Ba6+ Kb8 16. d5 cxd5 17. exd5 Nfd7 18. Na2 Ka8 19. Nb4 Nb8 20. Bb5 Rc8 21. Qa3 Rc5 22. Bc6+ Nxc6 23. Nxc6 Qc7 24. Kb1 Nxd5 25. Nb4 Nxb4 26. Qxb4 Qc6 27. Qe4 f5 28. Qxc6+ Rxc6 29. Rd2 Rb8 30. Ka2 Kb7 31. h4 h6 32. h5 g5 33. Ka3 Kc7 34. Rc1 Rb5 35. c4 Rbc5 36. Kb4 Kd7 37. Rc3 Ke7 38. g4 f4 39. Re2 Ke6 40. Rd2 Ra6 41. Re2 Rc7 42. Kb5 Rcc6 43. Kb4 Rcb6+ 44. Ka3 Rb8 45. c5 Rb3+ 46. Rxb3 axb3+ 47. Kxb3 dxc5 48. Kc4 Ra1 49. Kxc5 Rf1 50. Rd2 Rxf3 51. Rd6+ Kf7 52. Rxh6 e4 53. Rh7+ Kf6 54. Rh6+ Ke5 55. Rg6 e3 56. Rxg5+ Kf6 57. Rf5+ Kg7 58. Rg5+ Kh6 59. Rg6+ Kh7 60. Re6 Rg3 61. Kd4 Rg1 62. Re7+ Kh6 63. Re6+ Kg7 64. g5 Rxg5 65. Ke4 Kf7 66. Ra6 Rg1 67. Rxa7+ Kg8 68. Kf3 Rf1+ 69. Ke2 Rf2+ 70. Kd3 Rd2+ 0-1

[Event "FRA-ch U26"]
[Site "Bastia"]
[Date "2024.04.07"]
[Round "8"]
[White "Eveno, Nathan"]
[Black "Gryshko, Vitalii"]
[Result "1/2-1/2"]
[WhiteElo "2192"]
[BlackElo "2288"]
[PlyCount "96"]
[EventDate "2024.04.06"]
[EventType "swiss"]
[EventRounds "9"]
[EventCountry "FRA"]
[SourceTitle "CB16_2024"]
[SourceDate "2024.04.17"]
[SourceVersion "1"]
[SourceVersionDate "2024.04.17"]
[SourceQuality "1"]

1. e4 c5 2. Nf3 d6 3. Bb5+ Bd7 4. Bxd7+ Qxd7 5. 0-0 Nc6 6. c3 Nf6 7. Re1 e6 8. d4 Be7 9. d5 Na5 10. Na3 b5 11. dxe6 fxe6 12. e5 dxe5 13. Qxd7+ Nxd7 14. Nxb5 Rb8 15. Na3 Bf6 16. Nd2 Ke7 17. Nac4 Nc6 18. Ne4 h6 19. Be3 Rhd8 20. Nxc5 Nxc5 21. Bxc5+ Kf7 22. Nd6+ Kg6 23. b4 Be7 24. Ne4 Bxc5 25. Nxc5 Rd2 26. Nxe6 Rc2 27. Rec1 Rb2 28. Nc5 Rd8 29. Ne4 Ne7 30. a4 Kf5 31. Re1 Ng6 32. Re2 Rxe2 33. Ng3+ Ke6 34. Nxe2 Rd2 35. Kf1 Kd5 36. b5 Kc5 37. g3 Ne7 38. Rb1 Nd5 39. Rc1 Kc4 40. a5 Ra2 41. b6 axb6 42. axb6 Nxb6 43. Rb1 Nd5 44. Rb7 Ra1+ 45. Kg2 Re1 46. Ng1 g5 47. Nf3 Re2 48. Kf1 Ra2 1/2-1/2

[Event "FRA-ch U26"]
[Site "Bastia"]
[Date "2024.04.06"]
[Round "2"]
[White "Eveno, Nathan"]
[Black "Courjal, Pauline"]
[Result "1-0"]
[WhiteElo "2192"]
[BlackElo "1982"]
[PlyCount "99"]
[EventDate "2024.04.06"]
[EventType "swiss"]
[EventRounds "9"]
[EventCountry "FRA"]
[SourceTitle "CB16_2024"]
[SourceDate "2024.04.17"]
[SourceVersion "1"]
[SourceVersionDate "2024.04.17"]
[SourceQuality "1"]

1. e4 c5 2. Nf3 e6 3. b3 a6 4. Bb2 Nc6 5. c4 Qc7 6. g3 Nf6 7. d3 Be7 8. Bg2 d6 9. 0-0 0-0 10. Nc3 e5 11. Qd2 Bg4 12. h3 Bxf3 13. Bxf3 Nd4 14. Bg2 b5 15. f4 b4 16. Nd1 Nh5 17. Kh2 exf4 18. gxf4 Bh4 19. Ne3 Bg3+ 20. Kg1 Bxf4 21. Bxd4 cxd4 22. Nd5 Bxd2 23. Nxc7 Be3+ 24. Kh2 Bf4+ 25. Kg1 Ra7 26. Nd5 Bd2 27. a3 Rb8 28. axb4 Bxb4 29. Bf3 Nf6 30. Nxf6+ gxf6 31. Bh5 Bc3 32. Rab1 Kg7 33. Rf5 Rab7 34. Kh1 Rxb3 35. Rg1+ Kf8 36. Rxf6 R8b7 37. Rxd6 a5 38. Ra6 Rb1 39. Rxb1 Rxb1+ 40. Kg2 Ra1 41. Ra7 a4 42. Rxf7+ Kg8 43. Ra7 a3 44. c5 Bd2 45. c6 Bf4 46. Bf7+ Kf8 47. Bc4 a2 48. Bxa2 Rc1 49. Rf7+ Ke8 50. Rxf4 1-0

[Event "Clichy Rapid op"]
[Site "Clichy"]
[Date "2023.07.09"]
[Round "7"]
[White "Fressinet, Laurent"]
[Black "Eveno, Nathan"]
[Result "1-0"]
[WhiteElo "2652"]
[BlackElo "2193"]
[PlyCount "75"]
[EventDate "2023.07.09"]
[EventType "swiss (rapid)"]
[EventRounds "9"]
[EventCountry "FRA"]
[SourceTitle "CBM 215 Extra"]
[Source "ChessBase"]
[SourceDate "2023.09.30"]
[SourceVersion "1"]
[SourceVersionDate "2023.09.30"]
[SourceQuality "1"]

1. d4 d5 2. Nf3 e6 3. Bf4 c5 4. e3 Nc6 5. Nbd2 Nf6 6. c3 Nh5 7. Be5 f6 8. Bg3 Be7 9. Bd3 g6 10. Bh4 e5 11. Bb5 cxd4 12. cxd4 e4 13. Ng1 0-0 14. Ne2 a6 15. Bxc6 bxc6 16. Rc1 Qd6 17. Qc2 Bd7 18. Nb3 g5 19. Bg3 Nxg3 20. hxg3 a5 21. Nc5 Bg4 22. f3 Bf5 23. Kf2 Bg6 24. Rh6 Rf7 25. f4 Bf8 26. Rhh1 Rb8 27. b3 h5 28. Qd2 Bh6 29. g4 gxf4 30. Nxf4 Bxf4 31. exf4 hxg4 32. Ke3 Rh7 33. Rxh7 Bxh7 34. Rh1 Qc7 35. Na6 Qb6 36. Nxb8 Qxb8 37. Qxa5 Qd6 38. Qa8+ 1-0

[Event "EU-ch U18 30th"]
[Site "Antalya"]
[Date "2022.11.12"]
[Round "7"]
[White "Eveno, Nathan"]
[Black "Garrido Outon, Alex"]
[Result "0-1"]
[WhiteElo "2228"]
[BlackElo "2387"]
[PlyCount "128"]
[EventDate "2022.11.06"]
[EventType "swiss"]
[EventRounds "9"]
[EventCountry "TUR"]
[SourceTitle "EXT 2024"]
[Source "ChessBase"]
[SourceDate "2023.10.10"]
[SourceVersion "1"]
[SourceVersionDate "2023.10.10"]
[SourceQuality "1"]

1. e4 c5 2. Nf3 d6 3. d4 cxd4 4. Nxd4 Nf6 5. Nc3 a6 6. a3 Nc6 7. Be2 g6 8. Be3 Bg7 9. Qd2 Ng4 10. Bxg4 Bxg4 11. f3 Bd7 12. 0-0-0 Ne5 13. b3 h5 14. h3 Rc8 15. f4 Nc6 16. Kb2 b5 17. Nxc6 Bxc6 18. Bd4 e5 19. fxe5 dxe5 20. Be3 Qxd2 21. Rxd2 f5 22. Bg5 Kf7 23. Rd6 h4 24. Be3 Rhd8 25. Rhd1 Rxd6 26. Rxd6 Bf8 27. Rd1 Ke6 28. Bf2 g5 29. exf5+ Kxf5 30. Nd5 Ke6 31. c4 bxc4 32. bxc4 Rb8+ 33. Ka2 Ba4 34. Rc1 Bb3+ 35. Ka1 Bg7 36. Be1 Rc8 37. Ne3 e4+ 38. Bc3 Be5 39. Kb2 Ba4 40. Bxe5 Kxe5 41. Kc3 Rb8 42. Ng4+ Kf4 43. Rf1+ Kg3 44. Rf5 Rb3+ 45. Kd4 Bd7 46. Rxg5 Kf4 47. Rg7 Rxa3 48. Kc5 e3 49. Rf7+ Bf5 50. Re7 Bxg4 51. hxg4 Ra2 52. g5 Rxg2 53. Kd4 Rd2+ 54. Kc3 h3 55. Rh7 Kg3 56. Re7 Kf4 57. g6 Rd8 58. g7 h2 59. Rf7+ Ke4 60. Rf8 h1Q 61. g8Q Qe1+ 62. Kb3 Qd1+ 63. Kb4 Qd6+ 64. Kc3 Qa3+ 0-1

[Event "FRA-ch U18"]
[Site "Agen"]
[Date "2022.04.24"]
[Round "9"]
[White "Decuigniere, Tom"]
[Black "Eveno, Nathan"]
[Result "1/2-1/2"]
[WhiteElo "2371"]
[BlackElo "2158"]
[PlyCount "77"]
[EventDate "2022.04.16"]
[EventType "swiss"]
[EventRounds "9"]
[EventCountry "FRA"]
[SourceTitle "EXT 2023"]
[Source "ChessBase"]
[SourceDate "2022.10.05"]
[SourceVersion "1"]
[SourceVersionDate "2022.10.05"]
[SourceQuality "1"]

1. d4 d5 2. c4 e6 3. Nf3 c6 4. e3 f5 5. Bd3 Bd6 6. b3 Nh6 7. a4 a5 8. Ba3 Nf7 9. Qc2 Bxa3 10. Nxa3 Qf6 11. Qc3 Nd7 12. Nc2 0-0 13. c5 e5 14. Nd2 exd4 15. exd4 Re8+ 16. Kd1 Qg5 17. g3 f4 18. Kc1 Nf6 19. f3 fxg3 20. hxg3 Qxg3 21. Kb2 Qf4 22. Ne1 Bf5 23. Ng2 Qg5 24. Rag1 Bxd3 25. Qxd3 Kf8 26. f4 Qg4 27. Nf3 Re4 28. Rh4 Qg3 29. Qf1 Ng4 30. Nge1 Qf2+ 31. Qxf2 Nxf2 32. Rxh7 Rxf4 33. Rhxg7 Re8 34. Rg8+ Ke7 35. Rxe8+ Kxe8 36. Rg8+ Kd7 37. Rf8 Nd3+ 38. Nxd3 Rxf3 39. Kc2 1/2-1/2

[Event "FRA-ch U18"]
[Site "Agen"]
[Date "2022.04.19"]
[Round "4"]
[White "Eveno, Nathan"]
[Black "Girel, Joseph"]
[Result "0-1"]
[WhiteElo "2158"]
[BlackElo "2404"]
[PlyCount "140"]
[EventDate "2022.04.16"]
[EventType "swiss"]
[EventRounds "9"]
[EventCountry "FRA"]
[SourceTitle "EXT 2023"]
[Source "ChessBase"]
[SourceDate "2022.10.05"]
[SourceVersion "1"]
[SourceVersionDate "2022.10.05"]
[SourceQuality "1"]

1. e4 e5 2. Nf3 Nc6 3. Bb5 a6 4. Ba4 Nf6 5. 0-0 b5 6. Bb3 Bc5 7. c3 d6 8. a4 Rb8 9. d4 Bb6 10. a5 Ba7 11. h3 Bb7 12. Re1 0-0 13. Be3 exd4 14. cxd4 Nb4 15. d5 Bxe3 16. Rxe3 c5 17. dxc6 Nxc6 18. e5 dxe5 19. Qxd8 Rbxd8 20. Nxe5 Nd4 21. Nd2 Nc2 22. Bxc2 Rxd2 23. Rc1 Rc8 24. Rc3 Rxc3 25. bxc3 Kf8 26. Kf1 Ne4 27. Ke1 Rd5 28. f4 Nc5 29. Ke2 Rd8 30. g4 Re8 31. Kf2 f6 32. Nf3 Ne4+ 33. Bxe4 Rxe4 34. Nd4 Rxf4+ 35. Ke3 Re4+ 36. Kd3 Re5 37. c4 bxc4+ 38. Rxc4 Rxa5 39. Ne6+ Ke7 40. Rc7+ Kxe6 41. Rxb7 Ra3+ 42. Ke4 Rxh3 43. Rxg7 Rh4 44. Kf3 h5 45. g5 Ra4 46. gxf6 Kxf6 47. Rc7 h4 48. Rc5 Ke7 49. Rc6 Kf7 50. Kg2 Rg4+ 51. Kh3 Rg6 52. Rc7+ Ke6 53. Rc5 Kd6 54. Rc8 Rh6 55. Rc1 Kd5 56. Rc8 Kd4 57. Rc7 a5 58. Ra7 Rh5 59. Kg4 Re5 60. Kxh4 Kc3 61. Kg4 Kb4 62. Kf4 Re1 63. Rb7+ Ka3 64. Rd7 a4 65. Rd3+ Kb2 66. Rd8 a3 67. Rb8+ Ka1 68. Kf3 a2 69. Kf2 Rb1 70. Re8 Kb2 0-1

[Event "Cappelle Online Blitz op 1st"]
[Site "Europe Echecs INT"]
[Date "2021.01.10"]
[Round "8"]
[White "Ghita, Vlad Bogdan"]
[Black "Eveno, Nathan"]
[Result "1/2-1/2"]
[WhiteElo "1742"]
[BlackElo "2047"]
[PlyCount "119"]
[EventDate "2021.01.10"]
[EventType "swiss (blitz)"]
[EventRounds "11"]
[EventCountry "FRA"]
[SourceTitle "CBM 200 Extra"]
[Source "ChessBase"]
[SourceDate "2021.03.31"]
[SourceVersion "1"]
[SourceVersionDate "2021.03.31"]
[SourceQuality "1"]

1. e4 c5 2. Nf3 d6 3. d4 cxd4 4. Nxd4 Nf6 5. Nc3 a6 6. h3 e5 7. Nde2 h5 8. Bg5 Be6 9. g3 Nbd7 10. Bg2 Be7 11. 0-0 Nh7 12. Bxe7 Qxe7 13. f4 h4 14. g4 exf4 15. Nxf4 Nhf6 16. g5 Nh7 17. Nfd5 Qd8 18. Qh5 Ne5 19. Qxh4 0-0 20. Rad1 Nxg5 21. Qg3 Nh7 22. h4 Rc8 23. a4 b5 24. axb5 axb5 25. Rf2 Rb8 26. Rfd2 b4 27. Ne2 Nc4 28. Rd4 Bxd5 29. Rxd5 Nf6 30. Rxd6 Nxd6 31. e5 Qb6+ 32. Kh2 Nde4 33. Qf4 Qc7 34. exf6 Qxf4+ 35. Nxf4 Nxf6 36. Kg3 Rfc8 37. Rd2 Rc4 38. Nd5 Ne4+ 39. Bxe4 Rxe4 40. c4 bxc3 41. bxc3 Kf8 42. h5 Rd8 43. Kf3 Rc4 44. Rd3 Rc5 45. Ke4 g6 46. hxg6 fxg6 47. Rf3+ Kg7 48. Nf4 Rc4+ 49. Ke5 Re8+ 50. Ne6+ Kg8 51. Kf6 Rc6 52. Re3 g5 53. c4 g4 54. c5 Kh7 55. Re5 g3 56. Rh5+ Kg8 57. Rg5+ Kh7 58. Rh5+ Kg8 59. Rg5+ Kh7 60. Rh5+ 1/2-1/2

[Event "FRA-ch Blitz Online Qual"]
[Site "Europe Echecs INT"]
[Date "2020.05.16"]
[Round "12"]
[White "Eveno, Nathan"]
[Black "Bonelli Maestracci, Pierre Joseph"]
[Result "1-0"]
[WhiteElo "2069"]
[BlackElo "1545"]
[PlyCount "114"]
[EventDate "2020.05.16"]
[EventType "swiss (blitz)"]
[EventRounds "15"]
[EventCountry "FRA"]
[SourceTitle "CBM 196 Extra"]
[Source "ChessBase"]
[SourceDate "2020.07.31"]
[SourceVersion "1"]
[SourceVersionDate "2020.07.31"]
[SourceQuality "1"]

1. e4 c5 2. Nf3 d6 3. c3 Nf6 4. h3 Bd7 5. Bd3 g6 6. Bc2 Bg7 7. d4 cxd4 8. cxd4 0-0 9. Nc3 Nc6 10. 0-0 e6 11. Bg5 Qc7 12. Rc1 Rac8 13. Qd2 Qb8 14. Rfd1 Ne8 15. d5 Ne5 16. Nxe5 Bxe5 17. Be7 exd5 18. Bxf8 Kxf8 19. Nxd5 Be6 20. Qh6+ Bg7 21. Qxh7 Bxd5 22. exd5 Nf6 23. Qh4 Rc5 24. Bb3 Qc7 25. Rxc5 Qxc5 26. Qc4 Nd7 27. Qe2 Ne5 28. Qd2 Kg8 29. Rc1 Qb6 30. Qe3 Qd8 31. f4 Nd7 32. Qxa7 Nc5 33. Re1 Bd4+ 34. Kh1 Nxb3 35. Qa4 Qf6 36. Qxb3 Qxf4 37. Qf3 Qg5 38. Rf1 Qe7 39. b4 Bg7 40. a4 Qc7 41. a5 Qe7 42. b5 Bd4 43. a6 bxa6 44. bxa6 Bc5 45. Rc1 Qa7 46. Qd3 Kg7 47. Qb5 Kh7 48. Qb7 Kg7 49. Qxa7 Bxa7 50. Rc7 Bb6 51. Rb7 Bc5 52. a7 Bxa7 53. Rxa7 Kf6 54. Kh2 Ke5 55. Rxf7 Kxd5 56. Rg7 g5 57. Rxg5+ Ke4 1-0

[Event "FRA-ch Blitz Online Qual"]
[Site "Europe Echecs INT"]
[Date "2020.05.16"]
[Round "13"]
[White "Garde, Guillaume"]
[Black "Eveno, Nathan"]
[Result "0-1"]
[WhiteElo "1716"]
[BlackElo "2069"]
[PlyCount "146"]
[EventDate "2020.05.16"]
[EventType "swiss (blitz)"]
[EventRounds "15"]
[EventCountry "FRA"]
[SourceTitle "CBM 196 Extra"]
[Source "ChessBase"]
[SourceDate "2020.07.31"]
[SourceVersion "1"]
[SourceVersionDate "2020.07.31"]
[SourceQuality "1"]

1. e4 c5 2. Nc3 a6 3. g3 b5 4. Bg2 Bb7 5. a4 b4 6. Nd5 e6 7. Ne3 Nf6 8. d3 d5 9. exd5 Nxd5 10. Nxd5 Bxd5 11. Bxd5 Qxd5 12. Qf3 Nc6 13. Qxd5 exd5 14. Ne2 Bd6 15. Bf4 Kd7 16. 0-0 Rhe8 17. Bxd6 Kxd6 18. Nf4 g5 19. Ng2 Re2 20. Ne3 d4 21. Nc4+ Kc7 22. Rac1 Rae8 23. Rfd1 Ne5 24. Nxe5 R8xe5 25. Kf1 b3 26. Re1 Rxe1+ 27. Rxe1 bxc2 28. Rc1 Kd6 29. Rxc2 Re7 30. Kg2 g4 31. h3 h5 32. hxg4 hxg4 33. Kf1 Kd5 34. b3 Rb7 35. Rb2 Kc6 36. Ke2 Kb6 37. Kd1 Ka5 38. Kc2 Re7 39. Kd2 Kb4 40. Rb1 a5 41. Rc1 Re5 42. Rb1 Ka3 43. Rh1 Kxb3 44. Rh7 f5 45. Rb7+ Kxa4 46. Kd1 f4 47. gxf4 Rf5 48. Rc7 Kb4 49. Rb7+ Kc3 50. Ra7 Kxd3 51. Rxa5 Rxf4 52. Rxc5 Rxf2 53. Ke1 Re2+ 54. Kf1 g3 55. Ra5 g2+ 56. Kg1 Rc2 57. Ra3+ Ke4 58. Rh3 d3 59. Rh8 Re2 60. Re8+ Kd4 61. Rd8+ Kc3 62. Rc8+ Kd2 63. Rd8 Re1+ 64. Kxg2 Kc2 65. Rc8+ Kd1 66. Kf2 d2 67. Rc7 Rh1 68. Rc8 Rh7 69. Rc6 Rf7+ 70. Ke3 Ke1 71. Rh6 d1Q 72. Rh1+ Rf1 73. Rxf1+ Kxf1 0-1

[Event "Europe Echecs online op April"]
[Site "Europe Echecs INT"]
[Date "2020.04.11"]
[Round "2"]
[White "Eveno, Nathan"]
[Black "Demuth, Adrien"]
[Result "0-1"]
[WhiteElo "2002"]
[BlackElo "2480"]
[PlyCount "46"]
[EventDate "2020.04.11"]
[EventType "swiss (blitz)"]
[EventRounds "11"]
[EventCountry "FRA"]
[SourceTitle "EXT 2021"]
[Source "ChessBase"]
[SourceDate "2020.10.23"]
[SourceVersion "1"]
[SourceVersionDate "2020.10.23"]
[SourceQuality "1"]

1. e4 c5 2. Nf3 d6 3. c3 Nf6 4. h3 Nc6 5. Bd3 d5 6. exd5 Qxd5 7. Bc2 Bf5 8. 0-0 Bxc2 9. Qxc2 e6 10. d4 cxd4 11. cxd4 Nxd4 12. Nxd4 Qxd4 13. Rd1 Qe4 14. Qb3 Be7 15. Nc3 Qc6 16. Be3 0-0 17. Rac1 Qa6 18. Nb5 Rad8 19. Nxa7 Nd5 20. Bd4 Nf4 21. Qf3 Ne2+ 22. Kh2 Nxd4 23. Rc7 Nxf3+ 0-1

[Event "Europe Echecs online op April"]
[Site "Europe Echecs INT"]
[Date "2020.04.11"]
[Round "5"]
[White "Eveno, Nathan"]
[Black "Guliyev, Tofig"]
[Result "1-0"]
[WhiteElo "2002"]
[BlackElo "1607"]
[PlyCount "107"]
[EventDate "2020.04.11"]
[EventType "swiss (blitz)"]
[EventRounds "11"]
[EventCountry "FRA"]
[SourceTitle "EXT 2021"]
[Source "ChessBase"]
[SourceDate "2020.10.23"]
[SourceVersion "1"]
[SourceVersionDate "2020.10.23"]
[SourceQuality "1"]

1. e4 c5 2. Nf3 d6 3. c3 Nf6 4. h3 Nc6 5. Bd3 e6 6. Bc2 a6 7. d4 cxd4 8. cxd4 Be7 9. Nc3 b5 10. 0-0 0-0 11. e5 dxe5 12. dxe5 Qxd1 13. Rxd1 Nd7 14. Bf4 Bb7 15. Ne4 Nc5 16. Nd6 Bxd6 17. Rxd6 Nb4 18. Bd1 Nbd3 19. Be3 Rfd8 20. b4 Ne4 21. Rxd8+ Rxd8 22. a3 Nc3 23. Bc2 Bxf3 24. Bxd3 Rxd3 25. gxf3 Nd5 26. Bc5 Rxf3 27. Kg2 Rf5 28. a4 h6 29. axb5 axb5 30. Bd6 Kh7 31. Ra5 Nc3 32. Ra6 Ne4 33. Rb6 Nc3 34. Rc6 Nd5 35. Kg3 Rf4 36. Rc5 Rc4 37. Rxb5 Rc3+ 38. f3 Kg6 39. Rb8 Kf5 40. b5 g5 41. b6 Rb3 42. b7 Rb1 43. Kf2 h5 44. Ke2 h4 45. Kd2 Nf4 46. Kc2 Rb5 47. Kc3 Nxh3 48. Kc4 Rb1 49. Bb4 Nf4 50. Rf8 h3 51. b8Q h2 52. Rxf7+ Kg6 53. Qg8+ Kh5 54. Rh7# 1-0

[Event "Europe Echecs online op April"]
[Site "Europe Echecs INT"]
[Date "2020.04.11"]
[Round "8"]
[White "Eveno, Nathan"]
[Black "Lehenaff, Julien"]
[Result "1-0"]
[WhiteElo "2002"]
[BlackElo "1810"]
[PlyCount "117"]
[EventDate "2020.04.11"]
[EventType "swiss (blitz)"]
[EventRounds "11"]
[EventCountry "FRA"]
[SourceTitle "EXT 2021"]
[Source "ChessBase"]
[SourceDate "2020.10.23"]
[SourceVersion "1"]
[SourceVersionDate "2020.10.23"]
[SourceQuality "1"]

1. e4 c5 2. Nf3 Nc6 3. c3 Nf6 4. e5 Nd5 5. d4 cxd4 6. cxd4 d6 7. Bc4 Nb6 8. Bb3 dxe5 9. Nxe5 Nxe5 10. dxe5 Qxd1+ 11. Bxd1 g6 12. Nc3 Bg7 13. f4 0-0 14. 0-0 Be6 15. Bf3 Rab8 16. b3 f6 17. exf6 Bxf6 18. Bb2 Rfc8 19. Rac1 Kf7 20. Ba1 Nd7 21. Ne4 Rxc1 22. Rxc1 Bxa1 23. Ng5+ Kf6 24. Rxa1 Nf8 25. Nxe6 Nxe6 26. g3 Nd4 27. Be4 e5 28. fxe5+ Kxe5 29. Re1 Kf6 30. Bd5 b6 31. Kf2 Rd8 32. Be4 Nf5 33. Re2 h5 34. Bf3 h4 35. g4 Nd4 36. Rd2 Ke5 37. Ke3 Ne6 38. Rxd8 Nxd8 39. b4 Ne6 40. a3 g5 41. Be2 Kd6 42. Ke4 Nf4 43. Bd1 Ke6 44. Bb3+ Kf6 45. a4 Ne2 46. a5 Nc3+ 47. Kd4 Nb5+ 48. Kd5 Nc3+ 49. Kc6 bxa5 50. bxa5 Ke5 51. Kb7 Kf4 52. Kxa7 Kxg4 53. Kb6 Ne4 54. a6 Nd6 55. Be6+ Kf3 56. a7 g4 57. a8Q+ Ne4 58. Bd5 Kf4 59. Bxe4 1-0

[Event "Avoine op 34th"]
[Site "Avoine"]
[Date "2019.07.25"]
[Round "6"]
[White "Bonn, Thomas"]
[Black "Eveno, Nathan"]
[Result "1/2-1/2"]
[WhiteElo "2272"]
[BlackElo "1885"]
[PlyCount "29"]
[EventDate "2019.07.20"]
[EventType "swiss"]
[EventRounds "9"]
[EventCountry "FRA"]
[SourceTitle "EXT 2020"]
[Source "ChessBase"]
[SourceDate "2019.10.17"]
[SourceVersion "1"]
[SourceVersionDate "2019.10.17"]
[SourceQuality "1"]

1. d4 d5 2. c4 e6 3. Nf3 c5 4. cxd5 exd5 5. g3 Nf6 6. Bg2 Be7 7. 0-0 0-0 8. dxc5 Nc6 9. a3 a5 10. Nc3 Bxc5 11. Qc2 d4 12. Rd1 Qe7 13. Nb5 Rd8 14. Bg5 Bb6 15. b3 1/2-1/2

[Event "Avoine op 34th"]
[Site "Avoine"]
[Date "2019.07.24"]
[Round "5"]
[White "Eveno, Nathan"]
[Black "Grezels, Florian"]
[Result "1/2-1/2"]
[WhiteElo "1885"]
[BlackElo "2201"]
[PlyCount "44"]
[EventDate "2019.07.20"]
[EventType "swiss"]
[EventRounds "9"]
[EventCountry "FRA"]
[SourceTitle "EXT 2020"]
[Source "ChessBase"]
[SourceDate "2019.10.17"]
[SourceVersion "1"]
[SourceVersionDate "2019.10.17"]
[SourceQuality "1"]

1. e4 c5 2. Nf3 e6 3. c4 Nc6 4. Nc3 e5 5. Be2 d6 6. d3 Be7 7. 0-0 f5 8. a3 Nf6 9. Rb1 a5 10. Bg5 0-0 11. Bxf6 Bxf6 12. Ne1 Bg5 13. exf5 Bxf5 14. Nc2 Qf6 15. b4 axb4 16. axb4 cxb4 17. Nxb4 Nd4 18. Nbd5 Qf7 19. Bg4 Bh4 20. Bxf5 Qxf5 21. Rxb7 Bxf2+ 22. Kh1 Qe6 1/2-1/2

[Event "Avoine op 34th"]
[Site "Avoine"]
[Date "2019.07.20"]
[Round "7"]
[White "Eveno, Nathan"]
[Black "Midy, Robin"]
[Result "1/2-1/2"]
[WhiteElo "1885"]
[BlackElo "2160"]
[PlyCount "87"]
[EventDate "2019.07.20"]
[EventType "swiss"]
[EventRounds "9"]
[EventCountry "FRA"]
[SourceTitle "EXT 2020"]
[Source "ChessBase"]
[SourceDate "2019.10.17"]
[SourceVersion "1"]
[SourceVersionDate "2019.10.17"]
[SourceQuality "1"]

1. e4 g6 2. d4 Bg7 3. Nf3 d6 4. Bc4 e6 5. 0-0 Ne7 6. Nc3 a6 7. a4 b6 8. Bf4 h6 9. Qd2 Nd7 10. Rad1 Bb7 11. Rfe1 Kf8 12. h4 Nf6 13. e5 Nfd5 14. exd6 cxd6 15. Nxd5 Nxd5 16. Bxd5 Bxd5 17. Qb4 Bxf3 18. Qxd6+ Kg8 19. Qxd8+ Rxd8 20. gxf3 Rxd4 21. Rxd4 Bxd4 22. c3 Bf6 23. Rd1 Kg7 24. Rd7 Rd8 25. Rb7 Rd1+ 26. Kg2 Ra1 27. b3 b5 28. axb5 axb5 29. Rxb5 Bxc3 30. Be5+ Bxe5 31. Rxe5 Rb1 32. Rb5 Kf6 33. Rb7 e5 34. b4 Ke6 35. b5 Rb4 36. Kg3 Rd4 37. Rb8 Kd7 38. b6 Kc6 39. b7 Rf4 40. Rh8 Kxb7 41. Rxh6 Kc7 42. Rh8 Kd7 43. Ra8 Ke7 44. Ra4 1/2-1/2

[Event "Agneaux St Lo U16 op 20th"]
[Site "Agneaux"]
[Date "2018.07.07"]
[Round "2.1"]
[White "Eveno, Nathan"]
[Black "Talmaci, Alexandru1111"]
[Result "0-1"]
[WhiteElo "1628"]
[BlackElo "1991"]
[PlyCount "132"]
[EventDate "2018.07.07"]
[EventType "swiss"]
[EventRounds "9"]
[EventCountry "FRA"]
[SourceTitle "EXT 2019"]
[Source "ChessBase"]
[SourceDate "2018.10.10"]
[SourceVersion "1"]
[SourceVersionDate "2018.10.10"]
[SourceQuality "1"]

1. e4 e6 2. d4 d5 3. exd5 exd5 4. Bd3 Nc6 5. c3 Bd6 6. h3 Nge7 7. Nf3 Bf5 8. Bg5 f6 9. Be3 Qd7 10. Qc2 Bxd3 11. Qxd3 Qf5 12. Qb5 0-0-0 13. Nbd2 Qc2 14. Qb3 Qxb3 15. Nxb3 b6 16. 0-0-0 Ng6 17. g3 Rde8 18. Rde1 Kd7 19. Kc2 Nge7 20. Nc1 Nf5 21. Bd2 Rxe1 22. Rxe1 g5 23. Nd3 Nce7 24. Nh2 h5 25. Nf1 Rg8 26. b3 c6 27. Re2 Bc7 28. Kd1 Nc8 29. Bc1 Ncd6 30. Nd2 Nf7 31. Nf1 N7d6 32. Nd2 Ng7 33. Kc2 Ne6 34. b4 Nb5 35. Nf1 Re8 36. Kd1 Rg8 37. Ke1 Ra8 38. Kd1 Nd6 39. Nd2 a5 40. Kc2 axb4 41. Nxb4 Nf5 42. Kb2 Ne7 43. Nb3 c5 44. dxc5 bxc5 45. Nd3 Bd6 46. Be3 Rc8 47. Ne1 Nf5 48. Nc2 Rb8 49. Kc1 Ra8 50. Kb2 Kc6 51. Bd2 Be5 52. Kb1 d4 53. cxd4 Nexd4 54. Ncxd4+ Nxd4 55. Nxd4+ Bxd4 56. Be3 Kd5 57. Bxd4 cxd4 58. Rd2 Ra6 59. Kb2 Ke4 60. Kb3 d3 61. Kc3 Rc6+ 62. Kb2 Kd4 63. Kb1 Re6 64. Kc1 Re1+ 65. Rd1 Re2 66. a4 Kc3 0-1